Statistics for Every NBA Conference and Division Ever

Click here to take the quiz!

General Stats

  • This quiz has been taken 17 times
  • The average score is 9 of 11

Answer Stats

Answer% Correct
Eastern Division
94%
Central Division
94%
Western Division
94%
Eastern Conference
94%
Western Conference
94%
Pacific Division
94%
Atlantic Division
88%
Midwest Division
71%
Southeast Division
65%
Northwest Division
65%
Southwest Division
65%

Score Distribution

Percentile by Number Answered

Percent of People with Each Score

Your Score History

You have not taken this quiz